| 000 | 00886nam a2200289Ia 4500 | ||
|---|---|---|---|
| 005 | 20260324115117.0 | ||
| 008 | 008 260324s9999 xx 000 0 eng d | ||
| 020 | _a9781003000716 | ||
| 037 | _aEBOOK | ||
| 040 | _aCRL | ||
| 040 | _beng | ||
| 040 | _cCRL | ||
| 041 | _2eng | ||
| 041 | _aeng | ||
| 084 | _qCRL | ||
| 100 |
_aKonstantinos Papadikis; Chee Chin; Isaac Galobardes; Guobin Gong; Fangyu Guo _91153403 |
||
| 245 | 0 | _aSustainable Buildings and Structures: Building a Sustainable Tomorrow | |
| 245 | 0 | _bProceedings of the 2nd International Conference in Sutainable Buildings and Structures (ICSBS 2019), October 25-27, 2019, Suzhou, China | |
| 260 | _bTaylor and Francis | ||
| 260 | _c2019 | ||
| 365 | _a | ||
| 365 | _b385 | ||
| 856 | _uhttp://www.taylorfrancis.com/books/9781003000716 | ||
| 942 | _cEBOOK | ||
| 999 |
_c1744035 _d1744035 |
||